<?xml version="1.0" encoding="UTF-8"?>
<record
    xmlns:xsi="http://www.w3.org/2001/XMLSchema-instance"
    xsi:schemaLocation="http://www.loc.gov/MARC21/slim http://www.loc.gov/standards/marcxml/schema/MARC21slim.xsd"
    xmlns="http://www.loc.gov/MARC21/slim">

  <leader>03607nam a2200253   4500</leader>
  <controlfield tag="003">DO-SdBJH</controlfield>
  <controlfield tag="005">20260611203628.0</controlfield>
  <controlfield tag="008">260525b2025    |||ad||| |||| 00| 0 spa d</controlfield>
  <datafield tag="040" ind1=" " ind2=" ">
    <subfield code="a">DO-SdBJH</subfield>
    <subfield code="b">spa</subfield>
    <subfield code="c">DO-SdBJH</subfield>
  </datafield>
  <datafield tag="041" ind1="0" ind2=" ">
    <subfield code="a">spa</subfield>
  </datafield>
  <datafield tag="090" ind1=" " ind2=" ">
    <subfield code="a">CT E-CEMFT 0009</subfield>
    <subfield code="b">EGEMERD 2025</subfield>
  </datafield>
  <datafield tag="100" ind1="1" ind2=" ">
    <subfield code="a">Mercedes Valera, Ignacio Emir </subfield>
    <subfield code="e">sustentante</subfield>
  </datafield>
  <datafield tag="245" ind1="1" ind2="0">
    <subfield code="a">Propuesta para la creacion de una escuela de inteligencia para la formacion especializada de miembros  del :</subfield>
    <subfield code="b">Ejercito de Rep&#xF9;blica Dominicana, en el G-2, en el periodo 2023-2025 /</subfield>
    <subfield code="c">Ignacio Emir Mercedes Valera, Alejandro Benjam&#xED;n Rosario Payamps; asesor metodol&#xF3;gico Jos&#xE9; Eliseo M&#xE9;ndez Medina; asesor de contenido Santo Domingo Guerrero Clase.</subfield>
  </datafield>
  <datafield tag="260" ind1=" " ind2=" ">
    <subfield code="a">Santo Domingo, Rep&#xFA;blica Dominicana :</subfield>
    <subfield code="b">UNADE,</subfield>
    <subfield code="c">2025</subfield>
  </datafield>
  <datafield tag="300" ind1=" " ind2=" ">
    <subfield code="a">xiv, 67 p&#xE1;ginas :</subfield>
    <subfield code="b">Ilustraciones y gr&#xE1;ficas</subfield>
  </datafield>
  <datafield tag="502" ind1=" " ind2=" ">
    <subfield code="a">Tesis y trabajo de grado (Especialidad en Comando y Estado Mayor para las Fuerzas Terrestres) -- Universidad Nacional para la Defensa "General Juan Pablo Duarte y D&#xED;ez", Escuela de Graduados de Estudios Militares del Ejercito de Rep&#xFA;blica Dominicana, Santo Domingo, 2025. </subfield>
  </datafield>
  <datafield tag="504" ind1=" " ind2=" ">
    <subfield code="a">Incluye referencias bibliogr&#xE1;ficas, ap&#xE9;ndice y anexos.</subfield>
  </datafield>
  <datafield tag="505" ind1=" " ind2=" ">
    <subfield code="a">Origen y evoluci&#xF3;n hist&#xF3;rica de la inteligencia y las Escuelas de Formaci&#xF3;n Especializadas en Inteligencia en las Fuerzas Armadas de Rep&#xFA;blicas Dominicana --Principales necesidades de la propuesta para la creaci&#xF3;n de una Escuela de Inteligencia para la Formaci&#xF3;n Especializada de Miembros del Ejercito en el G-2 --Dise&#xF1;o de la creaci&#xF3;n de la Escuela de Inteligencia para la Formaci&#xF3;n Especializada de Miembros del Ejercito, que responda a las demandas de la sociedad Dominicana.</subfield>
  </datafield>
  <datafield tag="520" ind1=" " ind2=" ">
    <subfield code="a">En esta investigaci&#xF3;n se presenta la propuesta para la creaci&#xF3;n de la Escuela de Inteligencia para la formaci&#xF3;n especializada de miembros del Ejercito de Rep&#xFA;blica Dominicana, en el G-2, en el periodo 2023-2025. El resultado de esta investigaci&#xF3;n, la cual se llevo a cabo con la finalidad de presentar la relevancia de que  el Ej&#xE9;rcito posea una escuela de inteligencia con la formaci&#xF3;n especializada,  que cumpla con los est&#xE1;ndares de capacitaci&#xF3;n y que garantice una carrera dentro de la instituci&#xF3;n. Metodol&#xF3;gicamente la investigaci&#xF3;n cient&#xED;fica se realizo sujeta a un dise&#xF1;o no experimental de corte transversal, en virtud de que, para desarrollar otro tipo de dise&#xF1;o metodol&#xF3;gico, conllevar&#xED;a a disponer de un plazo de tiempo mas prolongado que esperar&#xED;a el cronograma de trabajo asignado para concluir dicho proyecto de investigaci&#xF3;n. Los resultados traen al traste, de que el Ejercito de Rep&#xFA;blica Dominicana para llevar a cabo la planificaci&#xF3;n y por ende la estructuraci&#xF3;n y ejecuci&#xF3;n de las operaciones, necesita de la informaci&#xF3;n la que contribuye  de una manera puntual al cumplimiento de misi&#xF3;n institucional, creando la necesidad de que el &#xE1;rea de inteligencia este sustentado en cimientos fundamentados en la doctrina, permitiendo desarrollar un recurso humano profesionalizado. En otro orden, se identifican las debilidades que afectan directamente a los procesos de recolecci&#xF3;n de datos, an&#xE1;lisis y producci&#xF3;n de inteligencia, como la selecci&#xF3;n de un personal calificado para ser capacitado, que sea correctamente remunerado, con la intenci&#xF3;n y el compromiso institucional de capacitarse para hacer carrera en el &#xE1;rea de inteligencia.</subfield>
  </datafield>
  <datafield tag="700" ind1="1" ind2=" ">
    <subfield code="a">Rosario Payamps, Alejandro Benjamin</subfield>
    <subfield code="e">sustentante</subfield>
  </datafield>
  <datafield tag="700" ind1="1" ind2=" ">
    <subfield code="a">M&#xE9;ndez Medina, Jos&#xE9; Eliseo</subfield>
    <subfield code="e">asesor metodol&#xF3;gico</subfield>
  </datafield>
  <datafield tag="700" ind1="1" ind2=" ">
    <subfield code="a">Guerrero Clase, Santo Domingo</subfield>
    <subfield code="e">asesor de contenido</subfield>
  </datafield>
  <datafield tag="942" ind1=" " ind2=" ">
    <subfield code="2">CL</subfield>
    <subfield code="c">T</subfield>
  </datafield>
  <datafield tag="999" ind1=" " ind2=" ">
    <subfield code="c">8676</subfield>
    <subfield code="d">8676</subfield>
  </datafield>
  <datafield tag="952" ind1=" " ind2=" ">
    <subfield code="0">0</subfield>
    <subfield code="1">0</subfield>
    <subfield code="2">CL</subfield>
    <subfield code="4">0</subfield>
    <subfield code="7">0</subfield>
    <subfield code="8">TG</subfield>
    <subfield code="a">BJHA</subfield>
    <subfield code="b">BJHA</subfield>
    <subfield code="c">GEN</subfield>
    <subfield code="d">2026-06-19</subfield>
    <subfield code="i">25-02573</subfield>
    <subfield code="l">0</subfield>
    <subfield code="o">CT E-CEMFT 0009 EGEMERD 2025</subfield>
    <subfield code="p">25-02573</subfield>
    <subfield code="r">2026-06-19 21:10:26</subfield>
    <subfield code="t">e.1</subfield>
    <subfield code="w">2026-06-19</subfield>
    <subfield code="y">T</subfield>
  </datafield>
</record>
